Normal view
MARC view
- Journalism - Authorship - Electronic books
Entry Topical Term
001 - CONTROL NUMBER
- control field: 1584
003 - CONTROL NUMBER IDENTIFIER
- control field: JO-AjAnu
005 - DATE AND TIME OF LATEST TRANSACTION
- control field: 20230606070549.0
008 - FIXED-LENGTH DATA ELEMENTS
- fixed length control field: 230606|| aca||aabn | a|a d
040 ## - CATALOGING SOURCE
- Original cataloging agency: JO-AjAnu
- Transcribing agency: JO-AjAnu
150 ## - HEADING--TOPICAL TERM
- Topical term or geographic name entry element: Journalism - Authorship - Electronic books
670 ## - SOURCE DATA FOUND
- Source citation: Work cat.: (JO-AjAnu)831: Hicks, Wynford , Sally Adams , Harriett Gilbert , Tim Holmes, author 1583, Writing for Journalists